| 000 | 00996pam a2200301 i 4500 | ||
|---|---|---|---|
| 001 | 6785 | ||
| 003 | BD-RjUL | ||
| 005 | 20211208234319.0 | ||
| 008 | 120114s1981 nyua b 001 0 eng | ||
| 020 | _a0471083674 | ||
| 035 | _a(BD-RjUL)6827 | ||
| 040 |
_aDLC _cDLC _dDLC _dBD-RjUL _beng |
||
| 041 | _aeng | ||
| 082 | 0 | 0 |
_a519.537 _219 _bRIS 1981 |
| 100 | 1 |
_aRipley, Brian D., _d1952- _921333 |
|
| 245 | 1 | 0 |
_aSpatial statistics / _cBrian D. Ripley. |
| 260 |
_aNew York : _bWiley, _cc1981. |
||
| 300 |
_ax, 252 p. : _bill. ; _c24 cm. |
||
| 500 | _aIncludes indexes. | ||
| 504 | _aBibliography: p. 214-241. | ||
| 650 | 0 |
_aSpatial analysis (Statistics) _921335 |
|
| 856 | 4 | 2 |
_3Publisher description _uhttp://www.loc.gov/catdir/description/wiley033/80026104.html |
| 856 | 4 |
_3Table of Contents _uhttp://www.loc.gov/catdir/toc/onix04/80026104.html |
|
| 942 |
_2ddc _cBK |
||
| 999 |
_c6785 _d6785 |
||